[Event "Women's Speed Chess Q5"]
[Site "chess.com INT"]
[Date "2020.06.22"]
[Round "12"]
[White "Divya, Deshmukh"]
[Black "Linares Napoles, Oleiny"]
[Result "1-0"]
[WhiteTitle "WIM"]
[BlackTitle "WGM"]
[WhiteElo "2305"]
[BlackElo "2215"]
[WhiteFideId "35006916"]
[BlackFideId "3504794"]
[EventDate "2020.06.22"]

1. e4 d6 2. d4 Nf6 3. Nc3 g6 4. Be3 c6 5. f3 b5 6. Bd3 a6 7. h4 h5 8. Nh3 Bxh3
9. Rxh3 Nbd7 10. Qd2 Bg7 11. Ne2 Qc7 12. Rh1 c5 13. c3 Rb8 14. Kf2 e5 15. d5 c4
16. Bc2 Nc5 17. b4 cxb3 18. axb3 a5 19. b4 axb4 20. cxb4 Ncd7 21. Bd3 O-O 22.
Rhc1 Qd8 23. Rc6 Nb6 24. Ra6 Nc8 25. Nc3 Ne8 26. Bg5 f6 27. Bh6 Ne7 28. Bxg7
Kxg7 29. Ra7 Rf7 30. Rca6 Nc7 31. Ra1 Nc8 32. R7a5 f5 33. Kg3 f4+ 34. Kh3 g5 35.
hxg5 Qxg5 36. Qf2 Kh6 37. Qh4 Qg6 38. Nxb5 Nxb5 39. Rxb5 Rg7 40. Ra2 Rxb5 41.
Bxb5 Ne7 42. Kh2 Qf7 43. Bf1 Ng6 44. Qd8 Qb7 45. b5 Rd7 46. Qf6 Qb6 47. Ra6 Qf2
48. Ra1 Qg3+ 49. Kg1 1-0

[Event "Women's Speed Chess Q5"]
[Site "chess.com INT"]
[Date "2020.06.22"]
[Round "12"]
[White "Rakhmangulova, Anastasiya"]
[Black "Antolak, Julia"]
[Result "0-1"]
[WhiteTitle "WIM"]
[BlackTitle "WIM"]
[WhiteElo "2191"]
[BlackElo "2323"]
[WhiteFideId "14117479"]
[BlackFideId "1159569"]
[EventDate "2020.06.22"]

1. e4 c5 2. Nf3 e6 3. c3 d5 4. e5 d4 5. Bd3 Nc6 6. O-O Nge7 7. Re1 Ng6 8. c4 Be7
9. Na3 O-O 10. Be4 Bd7 11. d3 a6 12. g3 Qc7 13. h4 Ncxe5 14. Nxe5 Nxe5 15. Bxh7+
Kxh7 16. Qh5+ Kg8 17. Rxe5 g6 18. Qe2 Bf6 19. Re4 Bc6 20. Rg4 Qe5 21. Qxe5 Bxe5
22. Bh6 Bg7 23. Bxg7 Kxg7 24. Re1 Rae8 25. Nb1 f5 26. Rg5 Kf6 27. Nd2 e5 28. f3
b5 29. Kg2 Rb8 30. b3 Rh8 31. Rh1 Rbe8 32. g4 bxc4 33. bxc4 Rb8 34. gxf5 gxf5
35. Kg3 Rb2 36. Rh2 Rhb8 37. h5 Kxg5 38. h6 Rh8 39. Ne4+ fxe4 40. Rxb2 exf3 41.
Rb6 Rxh6 42. Rb8 Kf5 43. Rf8+ Rf6 44. Rg8 Ke6 45. Kf2 e4 46. dxe4 Bxe4 47. Re8+
Kf5 48. Rc8 Rc6 49. Rd8 d3 50. Rf8+ Ke5 51. Rd8 Rd6 52. Re8+ Kd4 53. Ke1 Ke3 54.
Re7 d2+ 55. Kd1 f2 56. Rf7 Bf3+ 0-1

[Event "Women's Speed Chess Q5"]
[Site "chess.com INT"]
[Date "2020.06.22"]
[Round "12"]
[White "Khalafova, Narmin"]
[Black "Zhukova, Natalia"]
[Result "1-0"]
[WhiteTitle "WGM"]
[BlackTitle "GM"]
[WhiteElo "2279"]
[BlackElo "2328"]
[WhiteFideId "13402625"]
[BlackFideId "14101513"]
[EventDate "2020.06.22"]

1. e4 Nf6 2. e5 Nd5 3. d4 d6 4. Nf3 g6 5. Bc4 Nb6 6. Bb3 Bg7 7. O-O O-O 8. h3
Nc6 9. exd6 cxd6 10. c3 Bf5 11. Bg5 h6 12. Bh4 g5 13. Bg3 Na5 14. h4 e6 15. Re1
Nxb3 16. axb3 Bg4 17. Nbd2 a6 18. b4 Nd5 19. Qc2 Rc8 20. Qd3 Bf5 21. Qe2 Nf4 22.
Bxf4 gxf4 23. Ne4 Kh7 24. Qd2 d5 25. Nc5 Qc7 26. Ne5 f6 27. Nf3 Rfe8 28. Kh2
Rcd8 29. Re2 e5 30. dxe5 fxe5 31. Kg1 e4 32. Nd4 Bg4 33. f3 e3 34. Qd3+ Kh8 35.
fxg4 Qc8 36. Qg6 Rg8 37. Rf1 Rdf8 38. Qd3 Qxg4 39. Nce6 Rf6 40. Nxg7 Rxg7 41.
Nf3 Qg3 42. Qd4 Rfg6 43. Qe5 Qh3 44. Qe8+ Kh7 45. Ng5+ hxg5 46. gxh3 gxh4+ 47.
Kh2 Rg3 48. Rfe1 f3 49. Rxe3 Rg2+ 50. Kh1 f2 51. Qh5+ Kg8 52. Re8# 1-0

[Event "Women's Speed Chess Q5"]
[Site "chess.com INT"]
[Date "2020.06.22"]
[Round "12"]
[White "Fominykh, Maria"]
[Black "Shvedova, Alexandra"]
[Result "0-1"]
[WhiteTitle "WGM"]
[BlackTitle "WFM"]
[WhiteElo "2206"]
[BlackElo "1994"]
[WhiteFideId "4142411"]
[BlackFideId "54154782"]
[EventDate "2020.06.22"]

1. Nf3 d5 2. g3 Bg4 3. Bg2 c6 4. d3 Nd7 5. Nbd2 Ngf6 6. h3 Bxf3 7. Nxf3 e5 8.
O-O Bd6 9. c3 O-O 10. Qc2 e4 11. Nd4 exd3 12. exd3 Qc7 13. Nf5 Rfe8 14. Nxd6
Qxd6 15. Bf4 Qe7 16. Qd2 Nc5 17. Rfe1 Ne6 18. g4 Qd7 19. Be5 Qd8 20. d4 Nd7 21.
Bg3 Nb6 22. b3 Qd7 23. Re2 c5 24. dxc5 Nxc5 25. Rae1 Rxe2 26. Rxe2 h6 27. Qe3
Ne6 28. Rd2 Rc8 29. c4 d4 30. Qe4 Qe7 31. Rxd4 Qa3 32. Rd1 Qxa2 33. Qxb7 Qxb3
34. Bd5 Qxd1+ 35. Kg2 Rd8 36. Qe7 Nxd5 37. cxd5 Qxd5+ 38. Kh2 Qd7 39. Qa3 Rc8
40. Qe3 a5 41. Be5 a4 42. h4 Qd5 43. g5 hxg5 44. hxg5 a3 45. g6 f6 46. Ba1 Qh5+
47. Kg2 Qxg6+ 48. Kf1 Qb1+ 49. Kg2 Qg6+ 50. Kf1 Qf7 0-1

[Event "Women's Speed Chess Q5"]
[Site "chess.com INT"]
[Date "2020.06.22"]
[Round "12"]
[White "Charochkina, Daria"]
[Black "Tomilova, Elena"]
[Result "1/2-1/2"]
[WhiteTitle "IM"]
[BlackTitle "WGM"]
[WhiteElo "2356"]
[BlackElo "2353"]
[WhiteFideId "4180917"]
[BlackFideId "4162340"]
[EventDate "2020.06.22"]

1. c4 Nf6 2. Nc3 b6 3. e4 e5 4. d3 Nc6 5. f4 Bb7 6. Nf3 Bd6 7. Nb5 Bb4+ 8. Bd2
exf4 9. a3 Bxd2+ 10. Qxd2 O-O 11. O-O-O a6 12. Nc3 Ng4 13. Nd5 Na5 14. Kb1 Bxd5
15. exd5 Ne3 16. Re1 Qf6 17. g3 Nb3 18. Qb4 Nd4 19. Nxd4 Qxd4 20. gxf4 Nxf1 21.
Rhxf1 Qxd3+ 22. Ka1 Rfe8 23. Rd1 Qf5 24. Qc3 d6 25. Rg1 f6 26. Rd3 Re7 27. Rdg3
Rae8 28. h4 Kf8 29. h5 Qxf4 30. Rf3 Qe5 31. Qc2 Qxh5 32. Qg2 Re1+ 33. Rxe1 Rxe1+
34. Ka2 Qg6 35. Qh3 Qb1+ 36. Kb3 Qd1+ 37. Ka2 Qb1+ 38. Kb3 Re8 39. Rg3 a5 40.
Qd7 Qd1+ 41. Ka2 g5 42. Qxh7 Qd4 43. Rc3 a4 44. Qg6 Qe5 45. Rh3 Ke7 46. Rh7+ Kd8
47. Qf7 Re7 48. Rh8+ Kd7 49. Qf8 Re8 50. Rh7+ Kd8 51. Qf7 Re7 52. Qf8+ Kd7 53.
Rh8 Re8 54. Rh7+ Kd8 55. Qf7 1/2-1/2

[Event "Women's Speed Chess Q5"]
[Site "chess.com INT"]
[Date "2020.06.22"]
[Round "12"]
[White "Maltsevskaya, Aleksandra"]
[Black "Batsiashvili, Nino"]
[Result "1/2-1/2"]
[WhiteTitle "WGM"]
[BlackTitle "GM"]
[WhiteElo "2272"]
[BlackElo "2457"]
[WhiteFideId "24174041"]
[BlackFideId "13602993"]
[EventDate "2020.06.22"]

1. e4 c6 2. Nc3 d5 3. Nf3 dxe4 4. Nxe4 Nf6 5. Qe2 Nxe4 6. Qxe4 Be6 7. Bc4 Bxc4
8. Qxc4 e6 9. O-O Qd5 10. Qxd5 cxd5 11. d3 Nc6 12. c4 Rd8 13. Be3 Be7 14. a3 O-O
15. b4 Bf6 16. Rab1 dxc4 17. dxc4 Rd3 18. b5 Na5 19. Rfd1 Rxd1+ 20. Rxd1 Nxc4
21. Bxa7 Nxa3 22. Bc5 Ra8 23. b6 Nb5 24. g4 Ra1 25. Rxa1 Bxa1 26. Nd2 f6 27. Nb3
Bc3 28. Kf1 Kf7 29. Ke2 e5 30. Kd3 Be1 31. Kc4 Nd4 32. Nxd4 exd4 33. Bxd4 Ke6
34. f4 Kd6 35. f5 Kc6 36. h3 Bg3 37. g5 Bh4 38. g6 hxg6 39. fxg6 Bg5 40. Bf2 f5
41. Bd4 Bh6 42. Kd3 Kd5 43. Bc3 f4 44. h4 f3 45. Bd4 Ke6 46. Be3 Bxe3 47. Kxe3
Kf6 48. Kxf3 Kxg6 49. Kg4 Kh6 50. Kf4 Kh5 51. Kg3 g5 52. hxg5 Kxg5 53. Kf3 Kf5
54. Ke3 Ke5 55. Kd3 Kd5 56. Kc3 Kc5 57. Kb3 Kb5 58. Kc3 Kxb6 59. Kb4 Kc6 60. Kc4
b6 61. Kb4 b5 62. Kb3 Kc5 63. Kc3 b4+ 64. Kb3 Kb5 65. Kb2 Kc4 66. Kc2 b3+ 67.
Kb2 Kb4 68. Kb1 Ka3 69. Ka1 Ka4 70. Kb2 Kb4 71. Kb1 Kc4 72. Kb2 Kb4 1/2-1/2

[Event "Women's Speed Chess Q5"]
[Site "chess.com INT"]
[Date "2020.06.22"]
[Round "12"]
[White "Martynyuk, Elizaveta"]
[Black "Grigoryan, Meri"]
[Result "1-0"]
[WhiteTitle "FM"]
[BlackTitle "WFM"]
[WhiteElo "2041"]
[BlackElo "2044"]
[WhiteFideId "24128511"]
[BlackFideId "13300571"]
[EventDate "2020.06.22"]

1. e4 e5 2. Nf3 Nf6 3. Nxe5 d6 4. Nf3 Nxe4 5. Nc3 Nxc3 6. dxc3 d5 7. Bd3 Bc5 8.
Bg5 f6 9. Bf4 Nc6 10. Qd2 Bg4 11. O-O-O Qd7 12. Rde1+ Ne7 13. Nd4 Bxd4 14. cxd4
O-O-O 15. Qa5 Kb8 16. Qxc7+ Qxc7 17. Bxc7+ Kxc7 18. Rxe7+ Rd7 19. Rhe1 Kd6 20.
Rxd7+ Bxd7 21. f4 g6 22. h3 a6 23. Kd2 Rc8 24. g4 Rf8 25. Re2 Rg8 26. g5 fxg5
27. fxg5 Rf8 28. h4 Bg4 29. Rg2 Bd7 30. Ke3 Re8+ 31. Kf2 Rf8+ 32. Kg3 Re8 33. h5
Re3+ 34. Kf4 Rh3 35. hxg6 hxg6 36. Bxg6 Rh4+ 37. Ke3 Ke6 38. Bd3 Kf7 39. g6+ Kg7
40. Rf2 Rh3+ 41. Kd2 Be8 42. Re2 Bxg6 43. Rg2 Rh6 44. Rxg6+ Rxg6 45. Bxg6 Kxg6
46. Kd3 Kf6 47. c4 Ke6 48. cxd5+ Kxd5 49. Kc3 b5 50. b3 a5 51. a3 Ke4 52. a4 b4+
53. Kc4 Ke3 54. d5 1-0

[Event "Women's Speed Chess Q5"]
[Site "chess.com INT"]
[Date "2020.06.22"]
[Round "12"]
[White "Gaponenko, Inna"]
[Black "Padmini, Rout"]
[Result "0-1"]
[WhiteTitle "IM"]
[BlackTitle "IM"]
[WhiteElo "2396"]
[BlackElo "2370"]
[WhiteFideId "14101181"]
[BlackFideId "5029295"]
[EventDate "2020.06.22"]

1. e4 e5 2. Nf3 Nc6 3. Bb5 a6 4. Bxc6 dxc6 5. O-O f6 6. d4 exd4 7. Nxd4 c5 8.
Ne2 Qxd1 9. Rxd1 Be6 10. Be3 Bd6 11. Bf4 O-O-O 12. Nbc3 Ne7 13. Bxd6 cxd6 14.
Nf4 Bf7 15. f3 Kc7 16. Kf2 Kc6 17. Nfd5 Nxd5 18. Nxd5 Rhe8 19. c4 Re5 20. Ne3 b5
21. b3 bxc4 22. bxc4 Rb8 23. Rd2 g6 24. Rad1 Re6 25. Nd5 f5 26. exf5 gxf5 27.
Kg3 Rd8 28. Kf4 Re5 29. Rb2 Bxd5 30. cxd5+ Rxd5 31. Rdb1 Rc8 32. Rb6+ Kd7 33.
Rxa6 c4 34. Ra7+ Ke6 35. Rxh7 Rd4+ 36. Ke3 Rd3+ 37. Ke2 Ke5 38. Rd1 Rxd1 39.
Kxd1 Kd4 40. Kd2 Ra8 41. Rh4+ Kc5 42. Kc3 d5 43. Kb2 Rb8+ 44. Kc2 Rg8 45. g4
fxg4 46. Rxg4 Ra8 47. Kb2 Re8 48. Rg2 d4 49. h4 Rb8+ 50. Kc2 Ra8 51. Kb2 d3 52.
h5 Kb4 53. h6 c3+ 54. Kc1 Re8 55. Rg1 Re2 56. Rh1 Rxa2 57. Kb1 Kb3 58. h7 c2+
59. Kc1 Ra1+ 60. Kd2 Rxh1 0-1

[Event "Women's Speed Chess Q5"]
[Site "chess.com INT"]
[Date "2020.06.22"]
[Round "12"]
[White "Peycheva, Gergana"]
[Black "Hoang, Thi Bao Tram"]
[Result "0-1"]
[WhiteTitle "FM"]
[BlackTitle "WGM"]
[WhiteElo "2255"]
[BlackElo "2288"]
[WhiteFideId "2916711"]
[BlackFideId "12401102"]
[EventDate "2020.06.22"]

1. d4 d5 2. c3 c6 3. Nf3 Bf5 4. Bf4 e6 5. Nbd2 Nd7 6. e3 h6 7. Be2 Ngf6 8. O-O
Be7 9. h3 O-O 10. Qb3 Qb6 11. Rfe1 c5 12. c4 cxd4 13. Qxb6 Nxb6 14. Nxd4 Bg6 15.
Rec1 Rac8 16. a3 Nfd7 17. Nb5 e5 18. Bg3 a6 19. Nc3 dxc4 20. Nd1 Bd3 21. Bf3 Rc7
22. b3 Rfc8 23. bxc4 Nxc4 24. Nxc4 Bxc4 25. Nb2 Be6 26. Nd3 Rxc1+ 27. Nxc1 Nc5
28. Bxe5 b5 29. Bd4 a5 30. Rb1 Bc4 31. Be2 Ne6 32. Bxc4 bxc4 33. Bc3 Bxa3 34.
Ne2 Bb4 35. Bxb4 Rb8 36. Rc1 Rxb4 37. Nc3 Nc7 38. Kf1 Kf8 39. Ke1 Ke7 40. Ne4 f5
41. Nd2 Nd5 42. Nxc4 a4 43. Ke2 Rb3 44. Kf3 Nc3 45. Ra1 Rb4 46. Nd2 Ke6 47. Ra3
Nb5 48. Ra1 a3 49. Nb1 Rb3 50. Nd2 Rc3 51. Ke2 Kd5 52. Kd1 Kc5 53. Nb1 Rb3 54.
Kc2 Kb4 55. Nd2 Rb2+ 56. Kc1 Nc3 57. f3 g5 58. e4 fxe4 59. fxe4 Ne2+ 60. Kd1 Nf4
61. e5 Ne6 62. Kc1 Nd4 63. Kd1 h5 64. Kc1 h4 65. Kd1 Nc2 66. Rc1 a2 0-1

[Event "Women's Speed Chess Q5"]
[Site "chess.com INT"]
[Date "2020.06.22"]
[Round "12"]
[White "Dzagnidze, Nana"]
[Black "Morris-Suzuki, Sophie"]
[Result "1-0"]
[WhiteTitle "GM"]
[BlackTitle "WFM"]
[WhiteElo "2524"]
[BlackElo "2043"]
[WhiteFideId "13601903"]
[BlackFideId "30922615"]
[EventDate "2020.06.22"]

1. c4 c5 2. Nc3 b6 3. g3 Bb7 4. Nf3 e6 5. Bg2 a6 6. O-O d6 7. b3 Nd7 8. Bb2 Ngf6
9. d4 cxd4 10. Qxd4 Be7 11. Rad1 Qc7 12. Rfe1 O-O 13. e4 Rfe8 14. Qe3 Rad8 15.
Nd4 Qb8 16. h3 Bf8 17. Kh2 g6 18. Nde2 Bg7 19. f4 Nc5 20. Nc1 d5 21. e5 Nfe4 22.
Nxe4 dxe4 23. Bd4 Nd3 24. Nxd3 exd3 25. Rxd3 Bxg2 26. Kxg2 b5 27. c5 Qb7+ 28.
Qf3 Rd5 29. Red1 Red8 30. Bf2 Qc6 31. Rxd5 exd5 32. b4 a5 33. bxa5 Bf8 34. a6
Qxa6 35. Rxd5 Rc8 36. Qb3 Qc6 37. Kh2 Qe6 38. Rd2 Qc6 39. Qd5 Qa6 40. Rc2 Qa4
41. Qb3 Qe4 42. Qc3 b4 43. Qc4 Qf5 44. Re2 h5 45. Qxb4 h4 46. g4 Qd3 47. Qe4 Qb5
48. e6 Rc7 49. exf7+ Rxf7 50. Qxg6+ Rg7 51. Qe6+ Kh8 52. Bd4 Qb8 53. Bxg7+ Kxg7
54. Qe5+ Qxe5 55. fxe5 Kf7 56. a4 Bxc5 57. a5 Ke6 58. a6 Ba7 59. g5 Bb8 60. g6
Ke7 61. Kg2 Kf8 62. e6 Ke7 63. g7 Kf6 64. g8=Q Kf5 65. Qf7+ Kg5 66. e7 Kh6 67.
e8=Q Kg5 68. Qg6+ Kf4 69. Qg4# 1-0

[Event "Women's Speed Chess Q5"]
[Site "chess.com INT"]
[Date "2020.06.22"]
[Round "12"]
[White "Starosta, Martyna"]
[Black "Mohota, Nisha"]
[Result "1/2-1/2"]
[WhiteTitle "WCM"]
[BlackTitle "IM"]
[WhiteElo "2079"]
[BlackElo "2195"]
[WhiteFideId "21818754"]
[BlackFideId "5004330"]
[EventDate "2020.06.22"]

1. e4 Nf6 2. e5 Nd5 3. c4 Nb6 4. d4 d6 5. exd6 cxd6 6. Nc3 g6 7. Be3 Bg7 8. Rc1
O-O 9. b3 Bf5 10. Nf3 d5 11. c5 Nc8 12. Bd3 Bg4 13. h3 Bxf3 14. Qxf3 e6 15. Ne2
Nc6 16. h4 e5 17. Bb5 Nxd4 18. Bxd4 exd4 19. O-O Qxh4 20. Qxd5 Rb8 21. Rfd1 Rd8
22. Qf3 Ne7 23. Bc4 Qf6 24. Qh3 Nc6 25. Ng3 Re8 26. Bb5 Re7 27. Bxc6 Qxc6 28. b4
Rd8 29. Qg4 Qd5 30. b5 Qxa2 31. c6 bxc6 32. bxc6 Rc7 33. Ne4 f5 34. Qg5 Rdc8 35.
Nd6 Rf8 36. Nb5 Rcc8 37. c7 Qd5 38. Nxa7 Bf6 39. Qg3 Kg7 40. Nxc8 Rxc8 41. Qf3
Qd6 42. Qb3 Rxc7 43. Qb8 Rxc1 44. Qxd6 Rxd1+ 45. Kh2 d3 46. Qd7+ Kh6 47. Qf7 d2
48. Qxf6 Rh1+ 49. Kxh1 d1=Q+ 50. Kh2 Qh5+ 51. Kg1 Qd1+ 52. Kh2 Qh5+ 53. Kg1 Qd1+
54. Kh2 1/2-1/2

[Event "Women's Speed Chess Q5"]
[Site "chess.com INT"]
[Date "2020.06.22"]
[Round "12"]
[White "Eswaran, Ashritha"]
[Black "Goryachkina, Aleksandra"]
[Result "0-1"]
[WhiteTitle "WIM"]
[BlackTitle "GM"]
[WhiteElo "2244"]
[BlackElo "2582"]
[WhiteFideId "2080788"]
[BlackFideId "4147103"]
[EventDate "2020.06.22"]

1. e4 e6 2. d4 d5 3. Nc3 Bb4 4. e5 c5 5. a3 Ba5 6. b4 cxd4 7. Nb5 Bc7 8. f4 Bd7
9. Nxd4 Ne7 10. Ngf3 Bb6 11. Bd3 h6 12. Be3 Nbc6 13. O-O O-O 14. c3 Rc8 15. Bc2
Nxd4 16. Bxd4 Rxc3 17. Kh1 Bxd4 18. Nxd4 Qc7 19. Qd2 Rc8 20. Rac1 Ba4 21. Rf3
Rc4 22. Rg3 Bxc2 23. Nb5 Qd7 24. Nd6 Nf5 25. Nxc4 Nxg3+ 26. hxg3 Rxc4 27. Rxc2
Qc6 28. Rb2 Rc1+ 29. Kh2 Qc4 30. b5 Qf1 31. Kh3 h5 32. Kh4 Rc4 33. Rc2 Rxc2 34.
Qxc2 Qc4 35. Qb2 d4 36. Kxh5 d3 37. Qf2 b6 38. g4 Qd5 39. Qd2 Qxb5 40. Qc3 Qd7
41. Qd2 b5 42. g5 Qd8 43. g4 a5 44. f5 b4 45. axb4 axb4 46. g6 fxg6+ 47. fxg6 b3
48. Qf4 Qe8 49. Qd4 b2 50. Qxb2 Qd8 51. Qd2 Qd5 52. g5 Qf3+ 53. Kh4 Qe4+ 54. Kg3
Qxe5+ 55. Kf3 Qf5+ 56. Kg3 Qxg6 57. Kg4 Qf5+ 58. Kg3 Qd5 59. g6 Qe5+ 60. Kh4
Qe4+ 61. Kg5 Qf5+ 62. Kh4 Qxg6 63. Qb4 Qf6+ 64. Kg4 Qf5+ 65. Kg3 Qe5+ 66. Kf3
Qd5+ 67. Kf2 d2 68. Qb8+ Kf7 69. Qc7+ Kf6 70. Qc3+ Kg6 71. Qg3+ Qg5 72. Qd3+
Qf5+ 73. Ke2 Qxd3+ 74. Kxd3 0-1

[Event "Women's Speed Chess Q5"]
[Site "chess.com INT"]
[Date "2020.06.22"]
[Round "12"]
[White "De Seroux, Camille"]
[Black "Priyanka, K"]
[Result "1-0"]
[WhiteTitle "WIM"]
[BlackTitle "WIM"]
[WhiteElo "2137"]
[BlackElo "2218"]
[WhiteFideId "1305620"]
[BlackFideId "5082986"]
[EventDate "2020.06.22"]

1. e4 c5 2. Nc3 a6 3. Nge2 e6 4. g3 b5 5. Bg2 Bb7 6. O-O Nf6 7. e5 Bxg2 8. Kxg2
Nd5 9. d4 Nxc3 10. Nxc3 d6 11. exd6 Bxd6 12. Ne4 Be7 13. dxc5 O-O 14. Qxd8 Rxd8
15. Bf4 f5 16. Bd6 Bf6 17. Nxf6+ gxf6 18. Be7 Rc8 19. Bxf6 Rxc5 20. c3 Nd7 21.
Bd4 Rd5 22. f4 Rd8 23. Rfe1 Kf7 24. Re2 Nf6 25. Bxf6 Kxf6 26. Rae1 R8d6 27. Kf2
Rd3 28. h3 h5 29. Re3 Rd2+ 30. R1e2 Rd1 31. Re1 R1d2+ 32. R3e2 R2d3 33. Rc2 h4
34. Re3 Rxe3 35. Kxe3 hxg3 36. Rg2 Rd1 37. Rxg3 Rb1 38. Rg2 Ra1 39. a3 Rh1 40.
Rg3 Rh2 41. b4 Ra2 42. Kd3 Rxa3 43. h4 Ra1 44. h5 Rh1 45. Rg5 Rh3+ 46. Kd4 Rh4
47. Rg6+ Kf7 48. Ke5 Rxh5 49. Rf6+ Kg7 50. Rxe6 Rh3 51. Rxa6 Rxc3 52. Rb6 Re3+
53. Kxf5 Rc3 54. Rxb5 Rc4 55. Ke5 Rc7 56. f5 Kf7 57. Rb6 Re7+ 58. Kf4 Rc7 59.
Kg5 Rc1 60. Rb7+ Kf8 61. Kf6 Rc6+ 62. Kg5 Rc1 63. b5 1-0

[Event "Women's Speed Chess Q5"]
[Site "chess.com INT"]
[Date "2020.06.22"]
[Round "12"]
[White "Bulmaga, Irina"]
[Black "Muminova, Nafisa"]
[Result "0-1"]
[WhiteTitle "IM"]
[BlackTitle "WGM"]
[WhiteElo "2440"]
[BlackElo "2274"]
[WhiteFideId "13903063"]
[BlackFideId "14201526"]
[EventDate "2020.06.22"]

1. e4 e6 2. d4 d5 3. Nc3 Nf6 4. Bg5 Bb4 5. e5 h6 6. Bh4 g5 7. Bg3 Ne4 8. Ne2 c5
9. a3 Ba5 10. dxc5 Bxc3+ 11. Nxc3 Nxc3 12. bxc3 Qa5 13. Qd2 Nc6 14. Bd3 Qxc5 15.
O-O Bd7 16. Kh1 Ne7 17. f4 g4 18. Bf2 Qc7 19. Bh4 Rc8 20. Qe3 Qxc3 21. Qxa7 Bc6
22. Rab1 Nf5 23. Bf2 O-O 24. Qb6 Ra8 25. Bc5 Rfc8 26. Bb4 Qd4 27. Qxd4 Nxd4 28.
c3 Nf5 29. Kg1 Ba4 30. g3 Ne3 31. Rfe1 Nc4 32. f5 h5 33. fxe6 fxe6 34. Re2 Rc7
35. Rf1 Rf7 36. Rxf7 Kxf7 37. Rf2+ Kg7 38. Bxc4 dxc4 39. Rf6 Bd7 40. Rf4 b5 41.
Rd4 Bc6 42. Rd6 Bd5 43. Rd7+ Kg6 44. Be7 Kf5 45. Bd6 Ke4 46. Rh7 Ra4 47. Rxh5
Kd3 48. Bb4 Rxb4 49. axb4 Kxc3 50. Rh4 Kxb4 51. Rxg4 Kb3 52. Rf4 c3 53. h4 c2
54. Rf1 Be4 55. g4 Kb2 56. h5 Bd3 57. Re1 b4 58. g5 c1=Q 59. Rxc1 Kxc1 60. g6 b3
61. Kf2 b2 62. Ke3 b1=Q 63. g7 Bh7 64. Kf4 Qf5+ 65. Kg3 Qxh5 66. Kf4 Qf5+ 67.
Ke3 Qxe5+ 68. Kf2 Qxg7 69. Kf3 Qf6+ 70. Ke3 Qe5+ 71. Kf2 Kd2 72. Kg2 Qg5+ 73.
Kh1 Be4+ 0-1

[Event "Women's Speed Chess Q5"]
[Site "chess.com INT"]
[Date "2020.06.22"]
[Round "12"]
[White "Mikheeva, Galina"]
[Black "Swati, Mohota"]
[Result "1-0"]
[WhiteTitle "WFM"]
[BlackTitle "WFM"]
[WhiteElo "1901"]
[BlackElo "2027"]
[WhiteFideId "44108320"]
[BlackFideId "5006511"]
[EventDate "2020.06.22"]

1. e4 c6 2. d4 d5 3. e5 Bf5 4. h4 h6 5. g4 Bd7 6. f4 e6 7. h5 Ne7 8. Nf3 c5 9.
Be3 cxd4 10. Nxd4 Nec6 11. c3 Nxd4 12. Bxd4 Nc6 13. Be3 Be7 14. Bd3 Bh4+ 15. Kf1
Rc8 16. Nd2 d4 17. cxd4 Nb4 18. Be4 Bb5+ 19. Kg2 Bc6 20. Bxc6+ Rxc6 21. Rc1 Qd5+
22. Qf3 Be7 23. Rxc6 Nxc6 24. Qxd5 exd5 25. Rc1 Kd7 26. Nb3 b6 27. f5 Nb4 28. a3
Nd3 29. Rc2 Bg5 30. Re2 Bxe3 31. Rxe3 Nxb2 32. Nd2 Rc8 33. Kf3 Rc2 34. Nf1 Nc4
35. Re1 Rc3+ 36. Kg2 Rxa3 37. Ng3 Rd3 38. e6+ fxe6 39. fxe6+ Ke8 40. Nf5 Rd2+
41. Kh3 Rd3+ 42. Kg2 a5 43. e7 Rd2+ 44. Kh3 Rd3+ 45. Kh4 Ne3 46. Nxg7+ Kxe7 47.
Rxe3+ Rxe3 48. Nf5+ Kf7 49. Nxe3 a4 50. Nc2 b5 51. g5 hxg5+ 52. Kxg5 Kg7 53. Kf5
b4 54. Nxb4 a3 55. Ke5 Kh6 56. Kxd5 Kxh5 57. Kc6 Kg6 58. d5 Kf6 59. d6 Ke5 60.
d7 Kd4 61. d8=Q+ Kc3 62. Qa5 Kb3 63. Kc5 1-0

[Event "Women's Speed Chess Q5"]
[Site "chess.com INT"]
[Date "2020.06.22"]
[Round "12"]
[White "Vantika, Agrawal"]
[Black "Osmak, Iulija"]
[Result "1/2-1/2"]
[WhiteTitle "WIM"]
[BlackTitle "IM"]
[WhiteElo "2286"]
[BlackElo "2438"]
[WhiteFideId "25050389"]
[BlackFideId "14101602"]
[EventDate "2020.06.22"]

1. d4 Nc6 2. Nf3 d6 3. c4 Nf6 4. Nc3 e5 5. dxe5 Nxe5 6. b3 Nxf3+ 7. exf3 Be7 8.
Bd3 O-O 9. O-O Nd7 10. Bb2 Bf6 11. Bc2 Nc5 12. Qc1 Re8 13. b4 Ne6 14. Nd5 Bxb2
15. Qxb2 c6 16. Ne3 Qg5 17. g3 Nf4 18. Kh1 Nh3 19. f4 Qh5 20. Bd1 Qh6 21. Bf3
Bd7 22. Rad1 Rad8 23. Qd4 Bc8 24. Kg2 Nxf4+ 25. Qxf4 Bh3+ 26. Kg1 Qxf4 27. gxf4
Bxf1 28. Kxf1 g6 29. Ng4 Kg7 30. Ne3 f5 31. a4 Kf6 32. a5 a6 33. Nc2 h6 34. Nd4
g5 35. fxg5+ hxg5 36. Be2 Re4 37. Nxf5 Rxe2 38. Kxe2 Kxf5 39. Kf3 Ke5 40. Kg3
Rh8 41. h3 d5 42. cxd5 cxd5 43. Rc1 Rh7 44. Rc5 Ke4 45. f3+ Kd4 46. Kg4 Rg7 47.
Kf5 Rh7 48. Kxg5 Rxh3 49. f4 Ke4 50. f5 Rg3+ 51. Kf6 Rf3 52. Ke6 Rxf5 53. Rc7
Re5+ 54. Kd6 d4 55. Rxb7 d3 56. Rh7 Rd5+ 57. Kc6 d2 58. Rh4+ Ke3 59. Rh3+ Ke4
60. Rh4+ Ke3 61. Rh3+ Kf4 62. Rh1 d1=Q 63. Rxd1 Rxd1 64. b5 Rc1+ 65. Kb6 Rb1 66.
Kxa6 Ke5 67. Kb6 Kd6 68. a6 Ra1 69. a7 Kd5 70. Kb7 Kc5 71. b6 Kb5 72. Kc7 Rc1+
73. Kb7 Ra1 74. Kc7 Ra6 75. b7 Rxa7 76. Kc8 Rxb7 77. Kxb7 1/2-1/2

[Event "Women's Speed Chess Q5"]
[Site "chess.com INT"]
[Date "2020.06.22"]
[Round "12"]
[White "Yu, Jennifer"]
[Black "Potapova, Margarita"]
[Result "1-0"]
[WhiteTitle "FM"]
[BlackTitle "WIM"]
[WhiteElo "2315"]
[BlackElo "2270"]
[WhiteFideId "2078341"]
[BlackFideId "14126869"]
[EventDate "2020.06.22"]

1. d4 Nf6 2. c4 e6 3. Nc3 Bb4 4. g3 O-O 5. Bg2 d5 6. Nf3 dxc4 7. O-O c5 8. dxc5
Qxd1 9. Rxd1 Bxc5 10. Ne5 Nc6 11. Nxc6 bxc6 12. Bxc6 Rb8 13. Rb1 Bb7 14. Bxb7
Rxb7 15. Bg5 Ng4 16. Ne4 Bb6 17. h3 f5 18. hxg4 fxe4 19. e3 Rbf7 20. Rd2 e5 21.
Bh4 h6 22. g5 hxg5 23. Bxg5 Rf5 24. Be7 R8f7 25. Ba3 Rf3 26. Kg2 R3f5 27. Rc1
Rc7 28. Rcc2 Ba5 29. Rd5 Bb6 30. Bd6 Rd7 31. Rxe5 Rf6 32. Ba3 Rc7 33. Rxe4 c3
34. Rxc3 Rcf7 35. Rc2 Kh7 36. Rh4+ Kg6 37. Rg4+ Kh7 38. Rh4+ Kg6 39. Bb4 a5 40.
Be1 Re6 41. Rg4+ Kf6 42. Bc3+ Ke7 43. Rxg7 Rxg7 44. Bxg7 Kf7 45. Bd4 Bd8 46. Rd2
Be7 47. e4 Rxe4 48. Be3 a4 49. Rc2 Re6 50. Kf3 Bf6 51. b3 a3 52. Rc4 Bb2 53. Ra4
Rc6 54. Ra7+ Ke6 55. Ke4 Rc2 56. f4 Rg2 57. Kf3 Rh2 58. g4 Rh1 59. Ke4 Ra1 60.
f5+ Kd6 61. Ra6+ Kc7 62. f6 Bxf6 63. Rxf6 Rxa2 64. Ra6 Ra1 65. Bd4 Re1+ 66. Kd3
Rd1+ 67. Kc4 Rc1+ 68. Bc3 Kb7 69. Rxa3 Rg1 70. Ra5 Rxg4+ 71. Kb5 Rg5+ 72. Ka4
Rxa5+ 73. Bxa5 Ka8 74. b4 Kb8 75. Kb5 Ka8 76. Kc6 Kb8 77. Kb6 Ka8 78. Ka6 Kb8
79. Bb6 Ka8 80. Bf2 Kb8 81. b5 Ka8 82. b6 Kb8 83. Bg3+ Kc8 84. b7+ Kd7 85. b8=Q
Kc6 86. Qb6+ Kd5 87. Qb5+ Ke4 88. Qd7 1-0